| 000 | 00641nam a22001937a 4500 | ||
|---|---|---|---|
| 005 | 20170721143012.0 | ||
| 010 | _aENG-119279 | ||
| 020 |
_a9788180642258 _c400.00 |
||
| 035 | _aEN-102811 | ||
| 037 | _bDBAD/PUB | ||
| 082 | _a555.4 | ||
| 100 | _a Sarkar,Sujaya | ||
| 245 |
_aThe making of geology in India : _cby Sujaya Sarkar _ba historical study in science and colonialism 1767-1856 / |
||
| 260 |
_bProgressive Publishers _aKolkata _c2016 |
||
| 270 |
_a37A,College Street _bKolkata _e700073 |
||
| 300 |
_a400p. _c22cm (Hb) |
||
| 500 | _aIncludes bibliographical references and index | ||
| 942 |
_2ddc _cEN _h555.4 _mSAR |
||
| 999 |
_c142769 _d142769 |
||